Fit mind, fit job from evidence to practice in mental health and work

Gespeichert in:
Bibliographische Detailangaben
Format: Buch
Sprache:Englisch
Veröffentlicht: Paris OECD 2015
Schriftenreihe:Mental health and work
Schlagworte:
Tags: Tag hinzufügen
Keine Tags, Fügen Sie das erste Tag hinzu!

MARC

LEADER 00000nam a2200000 4500
001 0212577
005 20240314122933.2
020 |a 978-92-64-22091-1 
041 0 |a eng 
044 |a FR 
245 1 0 |a Fit mind, fit job  |b from evidence to practice in mental health and work 
264 1 |a Paris  |b OECD  |c 2015 
300 |a 173 s. 
490 1 |a Mental health and work 
830 0 |a Mental health and work 
610 2 0 |a zdravie 
610 2 0 |a choroby duševné 
610 2 0 |a politika 
610 2 0 |a vzdelávanie 
610 2 0 |a doprava 
610 2 0 |a gramotnosť 
610 2 0 |a zamestnanie 
610 2 0 |a starostlivosť zdravotná 
610 2 0 |a zamestnávatelia 
610 2 0 |a prostredie pracovné 
610 2 0 |a pracovníci 
610 2 0 |a odmeňovanie